|
|
|
|
| LEADER |
00000nam a2200000 a 4500 |
| 001 |
vtls001362796 |
| 003 |
SK-MaSNL |
| 005 |
20260301050313.0 |
| 008 |
251113s1998 xr a r cze |
| 020 |
|
|
|a 8086144062
|c b.c.
|
| 035 |
|
|
|a SNK000316393
|
| 035 |
|
|
|a urn:nbn:sk:snk-amlrco
|
| 035 |
|
|
|a urn:nbn:sk:snk-am00c947
|
| 035 |
|
|
|a CF9CEE4B-C936-4F2D-A83C-2AF25FC42847
|
| 040 |
|
|
|a SNK
|b slo
|c SNK
|e AACR2
|
| 041 |
0 |
|
|a cze
|
| 044 |
|
|
|a CZ
|
| 080 |
|
|
|a 599:591.5(084.12)
|2 1981
|
| 100 |
1 |
|
|a Parker, Steve,
|d 1952-
|4 aut
|9 116972
|
| 245 |
1 |
|
|a Savci
|b [poznejte fascinující svět savců - jejich vývoj, stavbu těla a tejemství jejich života]
|c Steve Parker ; [z anglického originálu přeložili Marta Heroldová a Jan Zejda]
|
| 260 |
|
|
|a Praha
|b Fortuna Print
|c 1998
|e [Martin
|f Neografia]
|
| 300 |
|
|
|a 63 s.
|c 29 cm
|
| 490 |
1 |
|
|a Vidět-poznat-vědět
|
| 500 |
|
|
|a Podnázov prevzatý z obalu
|
| 500 |
|
|
|a Celkove 2. upr. vyd.
|
| 650 |
0 |
7 |
|a cicavce
|x život
|x knihy detské ilustrované
|2 SNK
|9 355727
|
| 700 |
1 |
|
|a Heroldová, Marta
|4 trl
|9 355728
|
| 700 |
1 |
|
|a Zejda, Jan,
|d 1929-
|4 trl
|9 257504
|
| 830 |
|
0 |
|a Vidět-poznat-vědět
|9 298989
|
| 919 |
|
|
|a 80-86144-06-2
|
| 999 |
|
|
|c 600608
|d 602538
|
| 952 |
|
|
|t P60, <03>, [BOOK], {603}
|a SNK
|b SNK
|y PREZ
|7 0
|p 17A0194855
|o snkSB 60301
|i snkKSP 5584/99
|0 0
|1 0
|4 0
|d 1999-05-14
|f 1
|l 0
|r 2025-04-10 00:00:00
|w 2026-02-23
|